000 00858nam a22002052 4500
001 0000018793
005 20151217155859.0
008 100701s xx 000 0 eng d
040 _aKABU
_cKABU
245 1 0 _aPlantain and banana production and research in West and Central Africa :
_bproceedings of regional workshop sponsored by the International Institute of Tropical Agriculture (IITA), High Rainfall Station Onne, Rivers State, Nigeria, 23-27 September 1995 /
_ceditors, Rodomiro Ortiz and M. O. Akoroda.
250 _a1st ed.
260 _aIbadan :
_bIITA,
_c1996.
300 _avii, 166 p.
650 0 _aBananas
_xBreeding
_xCongresses.
_@0000163493
700 1 _aOrtiz, Rodomiro.
_@0000178204
700 1 _aAkoroda, M. O.
_@0000178136
852 1 _9p200 KES
908 _a100701
950 _@1
999 _c13677
_d13677